[Event "Poti Aleksandria Cup"]
[Site "Poti"]
[Date "2011.07.16"]
[Round "6"]
[White "Mikaelyan, Arman"]
[Black "Rizhamadze, Patman"]
[Result "1-0"]
[WhiteElo "2197"]
[BlackElo "2042"]
[PlyCount "69"]
[EventDate "2011.07.11"]
[EventType "swiss"]
[EventRounds "9"]
[EventCountry "GEO"]
[SourceTitle "CBM 143 Extra"]
[Source "ChessBase"]
[SourceDate "2011.08.29"]
[SourceVersion "1"]
[SourceVersionDate "2011.08.29"]
[SourceQuality "1"]

1. d4 Nf6 2. c4 e6 3. Nf3 Bb4+ 4. Nbd2 Qe7 5. g3 0-0 6. Bg2 d6 7. 0-0 Bxd2 8. Qxd2 e5 9. dxe5 dxe5 10. b3 Nc6 11. Bb2 Rd8 12. Qc2 Bg4 13. h3 Bh5 14. Nh4 Qe6 15. Rfd1 Rab8 16. Rxd8+ Rxd8 17. Rd1 Rxd1+ 18. Qxd1 g5 19. Nf3 h6 20. Nh2 Nd7 21. g4 Bg6 22. Ba3 e4 23. Nf1 h5 24. gxh5 Bxh5 25. Qd2 f6 26. Qe3 Bg6 27. Bb2 b6 28. Ng3 Nc5 29. Ba3 f5 30. Qxg5 Kf7 31. Bb2 Ne5 32. Qf4 Ned7 33. Qxc7 a5 34. h4 Ke7 35. Qf4 1-0

[Event "EU-ch (Women) 12th"]
[Site "Tbilisi"]
[Date "2011.05.16"]
[Round "9"]
[White "Alexanian, Nelli"]
[Black "Rizhamadze, Patman"]
[Result "1/2-1/2"]
[WhiteElo "2141"]
[BlackElo "2052"]
[PlyCount "105"]
[EventDate "2011.05.07"]
[EventType "swiss"]
[EventRounds "11"]
[EventCountry "GEO"]
[SourceTitle "CBM 142 Extra"]
[Source "ChessBase"]
[SourceDate "2011.06.27"]
[SourceVersion "1"]
[SourceVersionDate "2011.06.27"]
[SourceQuality "1"]

1. d4 Nf6 2. c4 e6 3. Nf3 Bb4+ 4. Bd2 Qe7 5. g3 0-0 6. Bg2 Bxd2+ 7. Qxd2 d6 8. Nc3 c5 9. dxc5 dxc5 10. 0-0-0 Nc6 11. Qd6 Qxd6 12. Rxd6 Rd8 13. Rxd8+ Nxd8 14. Ne5 Bd7 15. g4 Be8 16. Rd1 h6 17. h4 g5 18. hxg5 hxg5 19. Ne4 Nxe4 20. Bxe4 Kf8 21. Rh1 Rc8 22. Rh8+ Ke7 23. Rg8 f6 24. Ng6+ Kd7 25. Rf8 Bxg6 26. Bxg6 Ke7 27. Re8+ Kd7 28. Rf8 Ke7 29. Re8+ Kd7 30. Rh8 Rb8 31. Be4 a6 32. e3 b5 33. f4 bxc4 34. Kc2 Kd6 35. Rh6 Ke7 36. Rh7+ Kd6 37. fxg5 fxg5 38. Rg7 Nc6 39. Bxc6 Kxc6 40. Rxg5 Rf8 41. Rg7 Rf3 42. Kd2 Rf2+ 43. Kc3 Re2 44. g5 Rxe3+ 45. Kxc4 Rg3 46. g6 Rg4+ 47. Kd3 Kd5 48. Rd7+ Kc6 49. Rg7 Kd5 50. Rg8 Rg3+ 51. Ke2 Ke5 52. Kf2 Rg5 53. g7 1/2-1/2

[Event "EU-ch (Women) 12th"]
[Site "Tbilisi"]
[Date "2011.05.08"]
[Round "2"]
[White "Rizhamadze, Patman"]
[Black "Matveeva, Svetlana"]
[Result "1/2-1/2"]
[WhiteElo "2052"]
[BlackElo "2380"]
[PlyCount "63"]
[EventDate "2011.05.07"]
[EventType "swiss"]
[EventRounds "11"]
[EventCountry "GEO"]
[SourceTitle "CBM 142 Extra"]
[Source "ChessBase"]
[SourceDate "2011.06.27"]
[SourceVersion "1"]
[SourceVersionDate "2011.06.27"]
[SourceQuality "1"]

1. d4 d5 2. Nf3 e6 3. c4 dxc4 4. Qa4+ c6 5. Qxc4 b5 6. Qc2 Bb7 7. Nbd2 Nd7 8. Ne4 Ngf6 9. Nxf6+ Nxf6 10. a3 Qb6 11. e3 Be7 12. Bd2 c5 13. dxc5 Bxc5 14. b4 Bd6 15. Bc3 a6 16. Qb2 Qd8 17. Be2 Qe7 18. 0-0 0-0 19. a4 bxa4 20. Rxa4 Rfc8 21. Bd4 Ne8 22. Rfa1 f6 23. b5 axb5 24. Rxa8 Bxa8 25. Qxb5 Nc7 26. Qb3 Bd5 27. Bc4 Qe8 28. Bxd5 Nxd5 29. g3 Rb8 30. Qc4 Rc8 31. Qb3 Rb8 32. Qc4 1/2-1/2

[Event "Poti Aleksandria Cup 5th"]
[Site "Poti"]
[Date "2010.07.12"]
[Round "2"]
[White "Kosashvili, Otar"]
[Black "Rizhamadze, Patman"]
[Result "1-0"]
[WhiteElo "1812"]
[BlackElo "2037"]
[PlyCount "121"]
[EventDate "2010.07.11"]
[EventType "swiss"]
[EventRounds "9"]
[EventCountry "GEO"]
[SourceTitle "CBM 137 Extra"]
[Source "ChessBase"]
[SourceDate "2010.09.01"]
[SourceVersion "1"]
[SourceVersionDate "2010.09.01"]
[SourceQuality "1"]

1. e4 c5 2. Nf3 d6 3. c4 Nf6 4. Nc3 g6 5. d4 cxd4 6. Nxd4 Bg7 7. Be2 0-0 8. Be3 Bd7 9. 0-0 Nc6 10. h3 Nxd4 11. Bxd4 Bc6 12. Qd3 b6 13. Nd5 Nd7 14. Bxg7 Kxg7 15. Qd4+ Kg8 16. f4 e5 17. Qe3 Bxd5 18. cxd5 exf4 19. Qxf4 Ne5 20. Rac1 b5 21. h4 h5 22. Rc3 Kg7 23. Rg3 Rh8 24. Rg5 Qe7 25. Qg3 Rh6 26. Rxh5 Rxh5 27. Bxh5 Rh8 28. Rf5 Rh6 29. Be2 Qxh4 30. Qxh4 Rxh4 31. Rf2 Rxe4 32. Bxb5 Rd4 33. Rc2 Rxd5 34. Ba4 Rc5 35. Rd2 Nc4 36. Rd4 Nb6 37. Bb3 d5 38. Kf2 Kf6 39. Rf4+ Ke6 40. g4 f6 41. Re4+ Kd6 42. Re8 g5 43. Ke3 Nd7 44. Ra8 Rc7 45. Kd4 Ne5 46. Rd8+ Rd7 47. Rxd7+ Nxd7 48. Bxd5 Ne5 49. b4 Nxg4 50. b5 Ne5 51. Be4 g4 52. a4 Nf3+ 53. Ke3 Kc5 54. Bd3 Ne1 55. Ke2 g3 56. Kxe1 Kb4 57. Ke2 g2 58. Kf2 Kc3 59. Kxg2 Kb2 60. Bc2 Ka3 61. Kf3 1-0

[Event "Tbilisi Chiburdanidze Cup"]
[Site "Tbilisi"]
[Date "2009.06.13"]
[Round "9"]
[White "Gavasheli, Ana"]
[Black "Rizhamadze, Patman"]
[Result "0-1"]
[WhiteElo "2202"]
[BlackElo "1991"]
[PlyCount "104"]
[EventDate "2009.06.05"]
[EventType "swiss"]
[EventRounds "9"]
[EventCountry "GEO"]
[SourceTitle "CBM 130 Extra"]
[Source "ChessBase"]
[SourceDate "2009.07.02"]
[SourceVersion "2"]
[SourceVersionDate "2009.07.15"]
[SourceQuality "1"]

1. c4 Nf6 2. g3 c6 3. Bg2 d5 4. cxd5 cxd5 5. Nf3 Nc6 6. d4 e6 7. 0-0 Be7 8. Nc3 0-0 9. Bf4 b6 10. Ne5 Bb7 11. Nxc6 Bxc6 12. f3 Qd7 13. g4 Qb7 14. e3 b5 15. Bg3 a5 16. g5 Ne8 17. h4 Bd6 18. f4 Bc7 19. Bh3 Nd6 20. h5 f5 21. gxf6 gxf6 22. Bxe6+ Kh8 23. Qf3 b4 24. Bxd5 Bxd5 25. Qxd5 bxc3 26. Qxb7 Nxb7 27. bxc3 f5 28. c4 Nd6 29. c5 Ne4 30. Bh4 Kg7 31. Rac1 Kf7 32. d5 Bd8 33. Bxd8 Rfxd8 34. Rfd1 Rac8 35. c6 Ke7 36. Rb1 Kd6 37. Rb7 Rc7 38. Rdb1 Rdc8 39. R1b5 a4 40. Ra5 Rxb7 41. cxb7 Rb8 42. Rxa4 Rxb7 43. Ra5 Nc3 44. Ra6+ Kxd5 45. Kg2 Rb2+ 46. Kh3 Rxa2 47. Rf6 Ke4 48. Rf7 h6 49. Rf6 Nd5 50. Rxh6 Nxe3 51. Rb6 Kxf4 52. h6 Ng4 0-1

[Event "Tbilisi Chiburdanidze Cup"]
[Site "Tbilisi"]
[Date "2009.06.10"]
[Round "6"]
[White "Andriasian, Siranush"]
[Black "Rizhamadze, Patman"]
[Result "1-0"]
[WhiteElo "2235"]
[BlackElo "1991"]
[PlyCount "85"]
[EventDate "2009.06.05"]
[EventType "swiss"]
[EventRounds "9"]
[EventCountry "GEO"]
[SourceTitle "CBM 130 Extra"]
[Source "ChessBase"]
[SourceDate "2009.07.02"]
[SourceVersion "2"]
[SourceVersionDate "2009.07.15"]
[SourceQuality "1"]

1. e4 c5 2. Nf3 e6 3. d4 cxd4 4. Nxd4 a6 5. Nc3 Qc7 6. a3 Nf6 7. Be2 Be7 8. 0-0 Nc6 9. Be3 d6 10. f4 Bd7 11. Nb3 b5 12. Bf3 Rc8 13. Qe2 0-0 14. Qf2 Qb8 15. g4 Bd8 16. g5 Ne8 17. Bg4 f6 18. Qg3 Bb6 19. h4 f5 20. exf5 exf5 21. Bh3 Nc7 22. Bg2 Rfe8 23. Bxb6 Qxb6+ 24. Qf2 Qb8 25. Rad1 Ne6 26. Nd5 Rcd8 27. Nb6 Qc7 28. Nxd7 Rxd7 29. Bd5 Rde7 30. Qf3 Ncd8 31. Nd4 g6 32. c4 Kh8 33. Qc3 Qb6 34. Rf2 bxc4 35. Qxc4 Rc7 36. Qb3 Qxb3 37. Bxb3 Rb7 38. Ba2 Nc5 39. Bb1 Kg8 40. Kf1 Nce6 41. Re1 Kf7 42. Ba2 Rbe7 43. Rfe2 1-0

[Event "Tbilisi Chiburdanidze Cup"]
[Site "Tbilisi"]
[Date "2009.06.09"]
[Round "5"]
[White "Rizhamadze, Patman"]
[Black "Tsalugelashvili, Lile"]
[Result "1-0"]
[WhiteElo "1991"]
[BlackElo "2113"]
[PlyCount "122"]
[EventDate "2009.06.05"]
[EventType "swiss"]
[EventRounds "9"]
[EventCountry "GEO"]
[SourceTitle "CBM 130 Extra"]
[Source "ChessBase"]
[SourceDate "2009.07.02"]
[SourceVersion "2"]
[SourceVersionDate "2009.07.15"]
[SourceQuality "1"]

1. d4 Nf6 2. c4 g6 3. g3 Bg7 4. Bg2 d6 5. Nf3 0-0 6. 0-0 c5 7. d5 e5 8. Nc3 Nbd7 9. e4 Ne8 10. Ne1 f5 11. Bh3 f4 12. b3 Ndf6 13. Bxc8 Qxc8 14. Nf3 h6 15. Kg2 Nc7 16. h3 g5 17. Rh1 Qe8 18. Nd2 a6 19. g4 b5 20. f3 Kf7 21. Qe2 b4 22. Na4 h5 23. Bb2 Rh8 24. Rh2 Ng8 25. Rah1 Ne7 26. Bc1 Ng6 27. Nb1 Rb8 28. Bd2 Na8 29. Be1 Bf6 30. Kg1 a5 31. Qd1 Nb6 32. Nxb6 Rxb6 33. a4 bxa3 34. Nxa3 Qb8 35. Nb5 Bd8 36. Ra2 hxg4 37. hxg4 Rxh1+ 38. Kxh1 Ra6 39. Qe2 Bb6 40. Qh2 a4 41. bxa4 Kg7 42. Qh5 Qd8 43. Rh2 Kf6 44. Qh7 Qf8 45. Rh6 Qg7 46. Nxd6 Ra8 47. a5 Bc7 48. Qxg7+ Kxg7 49. Nf5+ Kf6 50. Rh7 Bxa5 51. Nd6 Nh4 52. Bxh4 gxh4 53. Rxh4 Bc3 54. Rh2 Ra1+ 55. Kg2 Bd4 56. Rh6+ Kg7 57. Nf5+ Kf7 58. d6 Ra2+ 59. Kh3 Bg1 60. Kh4 Rd2 61. Kg5 Rd3 1-0

[Event "Tbilisi Chiburdanidze Cup"]
[Site "Tbilisi"]
[Date "2009.06.07"]
[Round "3"]
[White "Rizhamadze, Patman"]
[Black "Kankia, Mariam1111"]
[Result "1-0"]
[WhiteElo "1991"]
[BlackElo "1743"]
[PlyCount "74"]
[EventDate "2009.06.05"]
[EventType "swiss"]
[EventRounds "9"]
[EventCountry "GEO"]
[SourceTitle "CBM 130 Extra"]
[Source "ChessBase"]
[SourceDate "2009.07.02"]
[SourceVersion "2"]
[SourceVersionDate "2009.07.15"]
[SourceQuality "1"]

1. d4 d5 2. c4 e6 3. Nc3 c6 4. Nf3 Nf6 5. Bg5 Be7 6. e3 0-0 7. Bd3 Qc7 8. cxd5 exd5 9. Qc2 h6 10. Bxf6 Bxf6 11. Nxd5 Qa5+ 12. Nc3 Na6 13. Qd2 Nb4 14. Be4 Re8 15. 0-0 Be6 16. a3 Na6 17. Nd5 Bd8 18. b4 Bxd5 19. bxa5 Bxe4 20. Ne5 Bf6 21. Qb2 Bxe5 22. dxe5 Nc5 23. Qd4 b6 24. axb6 axb6 25. Rac1 Red8 26. Qb4 Bd3 27. Rfd1 Be2 28. Rxd8+ Rxd8 29. Qxb6 Ne6 30. Qxc6 g6 31. h4 Kg7 32. a4 Rd2 33. Ra1 Bd3 34. a5 Rc2 35. Qd6 Nc5 36. Qf6+ Kg8 37. Rb1 Nd7 1-0